Statistics for Dallas Cowboys Head Coaches

Click here to take the quiz!

General Stats

  • This quiz has been taken 76 times
  • The average score is 7 of 9

Answer Stats

EraHintAnswer% Correct
Dallas Cowboys2020-presentMike McCarthy
94%
Dallas Cowboys2010-2019Jason Garrett
92%
Dallas Cowboys1960-1988Tom Landry
92%
Dallas Cowboys1989-1993Jimmy Johnson
90%
Dallas Cowboys1994-1997Barry Switzer
75%
Dallas Cowboys2003-2006Bill Parcells
75%
Dallas Cowboys2007-2010Wade Phillips
52%
Dallas Cowboys1998-1999Chan Gailey
46%
Dallas Cowboys2000-2002Dave Campo
44%

Score Distribution

Percentile by Number Answered

Percent of People with Each Score

Your Score History

You have not taken this quiz